000 00393nam a2200133Ia 4500
008 151001s9999||||xx |||||||||||||| ||und||
100 _aसुर्यकांत सावंत
245 _aव्यथा जाळीते मना
250 _a1
260 _bत्रिदल प्रकाशन मुंबई
260 _c1990
300 _a77
365 _b18
999 _c981959
_d981956